[Event "Quebec op"]
[Site "Ste-Foy CAN"]
[Date "2017.08.19"]
[Round "9.5"]
[White "Sprumont, Oscar"]
[Black "Beaulieu, Eric"]
[Result "0-1"]
[WhiteElo "2061"]
[BlackElo "2154"]
[WhiteFideId "-1"]
[WhiteFideId "-1"]
[PlyCount "68"]
[GameId "2160767908347317"]
[EventDate "2017.08.12"]
[EventType "swiss"]
[EventRounds "9"]
[EventCountry "CAN"]

1. Nf3 Nf6 2. c4 c5 3. Nc3 e6 4. g3 b6 5. Bg2 Bb7 6. O-O Be7 7. d4 cxd4 8. Qxd4 d6 9. Rd1 a6 10. Bg5 Nbd7 11. Qh4 Rc8 12. b3 O-O 13. Qd4 Qc7 14. Rac1 h6 15. Bxf6 Nxf6 16. e4 Nd7 17. Qe3 Rfe8 18. Nd4 Bf8 19. f4 e5 20. Nf5 d5 21. Qd2 Ba3 22. Rc2 d4 23. Nd5 Bxd5 24. exd5 Nc5 25. d6 Qd7 26. Ne7+ Rxe7 27. dxe7 d3 28. Rc3 Qd4+ 29. Qf2 Qxc3 30. fxe5 Ne4 31. Qf5 Bc5+ 32. Kf1 Nd2+ 33. Ke1 Nf3+ 34. Kf1 Nxh2# 0-1

[Event "Quebec op"]
[Site "Ste-Foy CAN"]
[Date "2017.08.19"]
[Round "9.7"]
[White "Drolet, Stephane"]
[Black "Ouellet, Maili-Jade"]
[Result "1-0"]
[WhiteElo "2071"]
[BlackElo "1982"]
[WhiteFideId "-1"]
[WhiteFideId "-1"]
[PlyCount "87"]
[GameId "2160767908347318"]
[EventDate "2017.08.12"]
[EventType "swiss"]
[EventRounds "9"]
[EventCountry "CAN"]

1. e4 c5 2. Nc3 e6 3. g3 Nc6 4. Bg2 g6 5. d3 Bg7 6. h4 Nge7 7. h5 f5 8. Be3 d6 9. Qd2 Nd4 10. Nge2 Bd7 11. Nd1 Qc7 12. c3 Nxe2 13. Qxe2 Bc6 14. Bg5 O-O-O 15. Ne3 h6 16. Bxe7 Qxe7 17. hxg6 fxe4 18. dxe4 Be8 19. Qg4 Kb8 20. f4 d5 21. e5 Rg8 22. Bh3 Bd7 23. Bf1 Bc6 24. Rh2 b5 25. Rd2 Bf8 26. Bd3 d4 27. cxd4 Rxd4 28. O-O-O Qe8 29. Qe2 Rg7 30. Ng4 Rb7 31. Nf6 Qd8 32. Bc2 a5 33. Rxd4 cxd4 34. Bb3 Qc8 35. Kb1 Bc5 36. Qg4 Rg7 37. Bxe6 Qb7 38. Qf5 a4 39. Rc1 Be7 40. Qc2 Bf3 41. Bf5 a3 42. Ne8 axb2 43. Qc8+ Ka7 44. Rc7 1-0

[Event "Quebec op"]
[Site "Ste-Foy CAN"]
[Date "2017.08.19"]
[Round "9.8"]
[White "Gras, Guillaume"]
[Black "Couture, Jonathan"]
[Result "1-0"]
[WhiteElo "2061"]
[BlackElo "1945"]
[WhiteFideId "-1"]
[WhiteFideId "-1"]
[PlyCount "57"]
[GameId "2160767908347319"]
[EventDate "2017.08.12"]
[EventType "swiss"]
[EventRounds "9"]
[EventCountry "CAN"]

1. e4 g6 2. Nc3 Bg7 3. Bc4 d6 4. d4 Nf6 5. Qe2 Nc6 6. e5 Nxd4 7. exf6 Nxe2 8. fxg7 Rg8 9. Ngxe2 c6 10. Bh6 e6 11. h4 d5 12. O-O-O Qf6 13. Ng3 Rxg7 14. Nge4 Qe7 15. Bg5 Qc7 16. Nf6+ Kf8 17. h5 gxh5 18. Bh6 dxc4 19. Bxg7+ Ke7 20. Nce4 e5 21. Ng8+ Ke6 22. Rxh5 f6 23. Bxf6 b6 24. Bd8 Qd7 25. Rh6+ Kf5 26. Ng3+ Kf4 27. Rh4+ Qg4 28. Nh5+ Kf5 29. Nh6+ 1-0

[Event "Quebec op"]
[Site "Ste-Foy CAN"]
[Date "2017.08.19"]
[Round "9.9"]
[White "Tanaka, Tyler"]
[Black "Bahadi, Khalid"]
[Result "0-1"]
[WhiteElo "2004"]
[BlackElo "1825"]
[WhiteFideId "-1"]
[WhiteFideId "-1"]
[PlyCount "66"]
[GameId "2160767908347320"]
[EventDate "2017.08.12"]
[EventType "swiss"]
[EventRounds "9"]
[EventCountry "CAN"]

1. e4 e6 2. d4 d5 3. e5 c5 4. c3 Nh6 5. Nf3 cxd4 6. cxd4 f6 7. Bd3 Nc6 8. Nc3 a6 9. O-O Nf7 10. exf6 gxf6 11. Re1 Bg7 12. Nh4 O-O 13. Qh5 f5 14. g4 Nxd4 15. Kh1 Ne5 16. Rxe5 Bxe5 17. Bh6 Rf7 18. gxf5 Nxf5 19. Nxf5 exf5 20. Qe2 Bg7 21. Rg1 b5 22. Qe5 Raa7 23. Qd4 Kh8 24. Bxg7+ Rxg7 25. Nxd5 Be6 26. f3 Bxd5 27. Be4 fxe4 28. fxe4 Bxe4+ 29. Qxe4 Rxg1+ 30. Kxg1 Qg5+ 31. Kh1 Rg7 32. Qe8+ Rg8 33. Qxg8+ Kxg8 0-1

[Event "Quebec op"]
[Site "Ste-Foy CAN"]
[Date "2017.08.19"]
[Round "9.10"]
[White "Bernatchez, Dan"]
[Black "Dube, Daniel"]
[Result "1/2-1/2"]
[WhiteElo "1950"]
[BlackElo "1623"]
[WhiteFideId "-1"]
[WhiteFideId "-1"]
[PlyCount "22"]
[GameId "2160767908347321"]
[EventDate "2017.08.12"]
[EventType "swiss"]
[EventRounds "9"]
[EventCountry "CAN"]

1. e4 e6 2. Nf3 d5 3. Nc3 Nf6 4. e5 Nfd7 5. d4 c5 6. dxc5 Nc6 7. Bf4 Bxc5 8. Bd3 f6 9. exf6 Nxf6 10. O-O O-O 11. Bg5 h6 1/2-1/2

[Event "Quebec op"]
[Site "Ste-Foy CAN"]
[Date "2017.08.19"]
[Round "9.11"]
[White "Perron, Jonathan"]
[Black "Lessard, Claude"]
[Result "0-1"]
[WhiteElo "2080"]
[BlackElo "1872"]
[WhiteFideId "-1"]
[WhiteFideId "-1"]
[PlyCount "98"]
[GameId "2160767908347322"]
[EventDate "2017.08.12"]
[EventType "swiss"]
[EventRounds "9"]
[EventCountry "CAN"]

1. e4 c6 2. d4 d5 3. Nc3 dxe4 4. Nxe4 Nf6 5. Nxf6+ exf6 6. c3 Bd6 7. Bd3 O-O 8. Ne2 Qc7 9. Qc2 g6 10. Be3 Re8 11. O-O-O b5 12. h4 Nd7 13. h5 Nf8 14. Bh6 f5 15. g3 Be6 16. Kb1 Bd5 17. Rh4 a5 18. Nf4 Bf3 19. Rg1 Ne6 20. Nxe6 Rxe6 21. hxg6 fxg6 22. Bf4 Rae8 23. Qd2 Bxf4 24. Qxf4 Qxf4 25. Rxf4 Be2 26. Bxe2 Rxe2 27. Rd1 R8e4 28. Rf3 a4 29. a3 Kf7 30. d5 Re1 31. Rfd3 cxd5 32. Rxd5 Rxd1+ 33. Rxd1 Ke6 34. Rd2 h5 35. Kc2 f4 36. b3 fxg3 37. fxg3 Re3 38. bxa4 bxa4 39. Rd4 Rxg3 40. Rxa4 g5 41. Ra6+ Ke5 42. a4 h4 43. a5 h3 44. Rh6 g4 45. Kd2 Kf4 46. Rf6+ Kg5 47. Rf2 Rg1 48. Ke3 g3 49. Rf8 h2 0-1

[Event "Quebec op"]
[Site "Ste-Foy CAN"]
[Date "2017.08.19"]
[Round "9.12"]
[White "Auger, Bertrand"]
[Black "Currie, James"]
[Result "0-1"]
[WhiteElo "1969"]
[BlackElo "2041"]
[WhiteFideId "-1"]
[WhiteFideId "-1"]
[PlyCount "88"]
[GameId "2160767908347323"]
[EventDate "2017.08.12"]
[EventType "swiss"]
[EventRounds "9"]
[EventCountry "CAN"]

1. Nf3 c5 2. c4 d6 3. g3 Bd7 4. Bg2 Bc6 5. O-O g5 6. d4 g4 7. Nh4 Bxg2 8. Nxg2 cxd4 9. Qxd4 Nf6 10. Nc3 Nc6 11. Qd2 Ne5 12. b3 h5 13. Bb2 Bh6 14. Qc2 Rc8 15. Rad1 Qa5 16. Bc1 Ng6 17. Bxh6 Rxh6 18. Qd2 Ng8 19. Qe3 Ne5 20. Rd5 Qa3 21. Rfd1 Re6 22. Qd2 Nf6 23. Rb5 Ng6 24. Nf4 Nxf4 25. Qxf4 Qb2 26. Qd4 b6 27. b4 Rxe2 28. Nxe2 Qxe2 29. Rf5 Rxc4 30. Qa1 Re4 31. Qc1 Kd7 32. b5 Rc4 33. Qb1 Qc2 34. Qxc2 Rxc2 35. a4 Ra2 36. Rf4 Rc2 37. Kf1 Rc5 38. Ke2 Ke6 39. Rfd4 Nd7 40. h4 Ne5 41. Re4 Kd7 42. Rf4 e6 43. Rfd4 d5 44. R1d2 Nf3 0-1

[Event "Quebec op"]
[Site "Ste-Foy CAN"]
[Date "2017.08.19"]
[Round "9.13"]
[White "Mercure, Gilbert"]
[Black "Halhal, Sami"]
[Result "0-1"]
[WhiteElo "1890"]
[BlackElo "1907"]
[WhiteFideId "-1"]
[WhiteFideId "-1"]
[PlyCount "98"]
[GameId "2160767908347324"]
[EventDate "2017.08.12"]
[EventType "swiss"]
[EventRounds "9"]
[EventCountry "CAN"]

1. e4 d6 2. d4 g6 3. Nc3 Bg7 4. f4 e6 5. Be3 Ne7 6. h4 h5 7. Bd3 Nbc6 8. Nce2 Bd7 9. c3 d5 10. Ng3 dxe4 11. Bxe4 Nd5 12. Bxd5 exd5 13. Qb3 Qe7 14. Kf2 Qd6 15. Nf3 f6 16. Qc2 O-O-O 17. Qxg6 Rdg8 18. Nf5 Qf8 19. Nxg7 Rxg7 20. Qc2 Rhg8 21. Rag1 Ne7 22. Kf1 Nf5 23. Bf2 Qe8 24. b3 Rg4 25. Qc1 Qe4 26. Rh3 Qd3+ 27. Ke1 Re8+ 28. Ne5 Qe4+ 29. Kf1 fxe5 30. fxe5 Rf8 31. Rf3 Bb5+ 32. c4 dxc4 33. bxc4 Ba6 34. Qc3 Qb1+ 35. Ke2 Re4+ 36. Kd2 Qxa2+ 37. Kc1 Bxc4 38. Re1 Rg4 39. g3 Bd5 40. Qa3 Qxa3+ 41. Rxa3 Nxd4 42. Bxd4 Rxd4 43. e6 Re8 44. Rae3 c6 45. Re5 Bf3 46. e7 Kd7 47. Rf5 Bg4 48. Rf7 Rd6 49. Rg7 Re6 0-1

[Event "Quebec op"]
[Site "Ste-Foy CAN"]
[Date "2017.08.19"]
[Round "9.14"]
[White "Chabot, Michelin"]
[Black "Steinberg, Ellis"]
[Result "0-1"]
[WhiteElo "1585"]
[BlackElo "1651"]
[WhiteFideId "-1"]
[WhiteFideId "-1"]
[PlyCount "56"]
[GameId "2160767908347325"]
[EventDate "2017.08.12"]
[EventType "swiss"]
[EventRounds "9"]
[EventCountry "CAN"]

1. e4 Nc6 2. d4 d5 3. exd5 Qxd5 4. Be3 e5 5. c4 Bb4+ 6. Nd2 Qe4 7. d5 Nd4 8. Rc1 Bf5 9. Qa4+ c6 10. Qxb4 Nc2+ 11. Rxc2 Qxc2 12. Qb3 Qc1+ 13. Qd1 Qxb2 14. a4 Bc2 15. Bd4 exd4 16. Qe2+ Ne7 17. f4 O-O 18. Kf2 Nf5 19. g3 Rfe8 20. Qh5 Be4 21. Ngf3 g6 22. Qh3 Bxf3 23. Kxf3 Qxd2 24. Qg2 Re3+ 25. Kg4 h5+ 26. Kh3 Qxg2+ 27. Kxg2 d3 28. Kf2 Rae8 0-1

[Event "Quebec op U1400"]
[Site "Ste-Foy CAN"]
[Date "2017.08.12"]
[Round "1.60"]
[White "Michel, Andie"]
[Black "Beliveau, Mathieu"]
[Result "1-0"]
[WhiteElo "1278"]
[BlackElo "1097"]
[WhiteFideId "-1"]
[WhiteFideId "-1"]
[PlyCount "107"]
[GameId "2160767908347326"]
[EventDate "2017.08.12"]
[EventType "swiss"]
[EventRounds "9"]
[EventCountry "CAN"]

1. e4 g6 2. Nf3 Bg7 3. Nc3 d6 4. Bc4 Nf6 5. O-O O-O 6. d4 Bg4 7. Be2 Nbd7 8. Bg5 c5 9. d5 a6 10. Qd2 Bxf3 11. Bxf3 Ne5 12. Qe2 Nxf3+ 13. Qxf3 Qb6 14. Rab1 Qa5 15. a4 Rfe8 16. Bd2 Rac8 17. Rfd1 Nd7 18. b3 Ne5 19. Qe2 Rf8 20. Na2 Qd8 21. Bc3 f5 22. exf5 Rxf5 23. Bb2 Qf8 24. Bxe5 Bxe5 25. f3 Re8 26. c3 Rh5 27. g3 Rf5 28. Rd3 Qf7 29. Rf1 b5 30. a5 c4 31. bxc4 bxc4 32. Rdd1 Rc8 33. Kg2 Rc5 34. Qe4 Rxa5 35. Qxc4 Qf6 36. Qc8+ Kg7 37. Rd2 Rc5 38. Qxa6 Bxc3 39. Nxc3 Rxc3 40. f4 Rc5 41. Qb7 Kf7 42. Re1 g5 43. Re6 Qc3 44. Qxe7+ Kg8 45. Qd8+ Rf8 46. Qxg5+ Kh8 47. Rde2 Rb5 48. Qe7 Rg8 49. Qxd6 Rb3 50. Qe5+ Rg7 51. Qxc3 Rxc3 52. d6 Rd7 53. Re8+ Kg7 54. R8e7+ 1-0

[Event "Quebec op U1400"]
[Site "Ste-Foy CAN"]
[Date "2017.08.13"]
[Round "2.59"]
[White "Cheng Wang, An"]
[Black "Michel, Andie"]
[Result "1/2-1/2"]
[WhiteElo "751"]
[BlackElo "1278"]
[WhiteFideId "-1"]
[WhiteFideId "-1"]
[PlyCount "154"]
[GameId "2160767908347327"]
[EventDate "2017.08.12"]
[EventType "swiss"]
[EventRounds "9"]
[EventCountry "CAN"]

1. e4 c5 2. Nf3 Nc6 3. d4 cxd4 4. Nxd4 a6 5. Nc3 e5 6. Nxc6 bxc6 7. Bc4 Nf6 8. O-O Bb4 9. Qf3 O-O 10. Bg5 Be7 11. Rad1 d6 12. h3 Be6 13. Bxe6 fxe6 14. Ne2 Ne8 15. Bxe7 Qxe7 16. Qc3 Qc7 17. f4 Nf6 18. fxe5 dxe5 19. Qc5 Rfe8 20. Rd3 Qb6 21. Kh2 Kh8 22. b3 Qb5 23. Qxb5 axb5 24. Nc3 Rad8 25. Rxd8 Rxd8 26. a4 b4 27. Na2 c5 28. Re1 Rd2 29. a5 Rxc2 30. Rd1 h6 31. Ra1 Nd7 32. Nc1 Nb8 33. Nd3 Na6 34. Nxe5 Rc3 35. Rb1 Nc7 36. Nc4 Nb5 37. a6 Na7 38. h4 g5 39. h5 g4 40. Kg1 Kg7 41. Kf2 Kf6 42. Ne3 g3+ 43. Kf3 Kg5 44. e5 Kxh5 45. Kf4 Kg6 46. Nd1 Rd3 47. Ke4 Rd4+ 48. Ke3 Kf5 49. Rc1 Re4+ 50. Kf3 h5 51. Kxg3 Rxe5 52. Kf3 Kg5 53. Nf2 Rf5+ 54. Ke3 Re5+ 55. Ne4+ Kg4 56. Rxc5 Rxc5 57. Nxc5 e5 58. Kf2 h4 59. Nd3 e4 60. Nxb4 e3+ 61. Kf1 Kg3 62. Nd3 Nb5 63. Kg1 e2 64. Ne1 Na7 65. b4 Nb5 66. Kh1 h3 67. gxh3 Kxh3 68. Kg1 Kg3 69. Nc2 Na7 70. Ne1 Nb5 71. Kh1 Kf2 72. Nc2 Kf1 73. Kh2 Kf2 74. Kh3 e1=Q 75. Nxe1 Kxe1 76. a7 Nxa7 77. b5 Nxb5 1/2-1/2

[Event "Quebec op U1400"]
[Site "Ste-Foy CAN"]
[Date "2017.08.13"]
[Round "3.58"]
[White "Michel, Andie"]
[Black "Pecorini, Bryan"]
[Result "1-0"]
[WhiteElo "1278"]
[BlackElo "1329"]
[WhiteFideId "-1"]
[WhiteFideId "-1"]
[PlyCount "83"]
[GameId "2160767908347328"]
[EventDate "2017.08.12"]
[EventType "swiss"]
[EventRounds "9"]
[EventCountry "CAN"]

1. e4 e5 2. Nf3 Nc6 3. Bc4 Be7 4. Nc3 Nf6 5. O-O O-O 6. d3 h6 7. Be3 d6 8. h3 a6 9. Nd5 Na5 10. Bb3 Nxb3 11. axb3 Nxd5 12. exd5 c5 13. dxc6 bxc6 14. Nd2 Bb7 15. Nc4 c5 16. Qg4 d5 17. Bxh6 Bf6 18. Na5 Ra7 19. c3 Ba8 20. Rfe1 Re8 21. b4 cxb4 22. cxb4 d4 23. Rac1 Rc7 24. h4 Rxc1 25. Bxc1 Qb6 26. Bd2 Qb5 27. Nc4 Qd5 28. Nb6 Qb7 29. Nd7 Bxh4 30. Nxe5 f6 31. Nf3 Rxe1+ 32. Bxe1 Bg5 33. Nxg5 fxg5 34. Qxg5 Kh7 35. Bd2 a5 36. b5 a4 37. Bb4 Qc8 38. Bc5 Qe8 39. Bxd4 Qd7 40. Qh4+ Kg8 41. b6 Qd5 42. f3 1-0

[Event "Quebec op U1700"]
[Site "Ste-Foy CAN"]
[Date "2017.08.14"]
[Round "4.53"]
[White "Ayotte, Charles"]
[Black "Dion, Yves"]
[Result "0-1"]
[WhiteElo "1414"]
[BlackElo "1376"]
[WhiteFideId "-1"]
[WhiteFideId "-1"]
[PlyCount "130"]
[GameId "2160767908347329"]
[EventDate "2017.08.12"]
[EventType "swiss"]
[EventRounds "9"]
[EventCountry "CAN"]

1. c4 e6 2. d4 c5 3. Nf3 Nf6 4. e3 b6 5. Nc3 Bb7 6. d5 exd5 7. cxd5 d6 8. e4 Qe7 9. Bg5 a6 10. Be2 Nbd7 11. O-O g6 12. Re1 Bg7 13. Bd3 Ne5 14. Nxe5 dxe5 15. Qd2 O-O 16. f4 Rfe8 17. fxe5 Qxe5 18. Bf4 Qe7 19. d6 Qd7 20. Bc2 b5 21. Qe2 Nh5 22. Qf3 Nxf4 23. Qxf4 Be5 24. Qd2 Bd4+ 25. Kh1 b4 26. Nd5 Bxd5 27. exd5 Bxb2 28. Rxe8+ Rxe8 29. Rd1 Bc3 30. Qf4 Be5 31. Qf3 Qxd6 32. Rf1 f6 33. Bb3 Kg7 34. h3 a5 35. Qd3 Bc3 36. Qb5 Re1 37. Rxe1 Bxe1 38. Qxa5 Bg3 39. Qa7+ Kh6 40. Qf7 Qe5 41. Qf8+ Kg5 42. Qxc5 Bf4 43. Qf2 Be3 44. h4+ Kh6 45. Qe1 Qf4 46. g3 Qf3+ 47. Kh2 Bf2 48. Qc1+ Kg7 49. Qc7+ Kh6 50. Qf4+ Qxf4 51. gxf4 Bxh4 52. Kg2 f5 53. Kf3 Be7 54. Ke3 Kh5 55. Kd4 Bd6 56. Bd1+ Kh4 57. Kc4 Kg3 58. Kb5 h5 59. Kc6 Bxf4 60. d6 Bg5 61. Kd7 f4 62. Ke8 f3 63. d7 h4 64. d8=Q Bxd8 65. Kxd8 h3 0-1

[Event "Quebec op U1700"]
[Site "Ste-Foy CAN"]
[Date "2017.08.16"]
[Round "6.34"]
[White "Demers, Alexis"]
[Black "Mikhalevski, Binyamin"]
[Result "1/2-1/2"]
[WhiteElo "1634"]
[BlackElo "1669"]
[WhiteFideId "-1"]
[WhiteFideId "-1"]
[PlyCount "121"]
[GameId "2160767908347330"]
[EventDate "2017.08.12"]
[EventType "swiss"]
[EventRounds "9"]
[EventCountry "CAN"]
[SourceTitle "hb 2017"]

1. d4 d5 2. c4 c6 3. Nc3 Nf6 4. Bg5 e6 5. e3 Nbd7 6. cxd5 exd5 7. Bd3 h6 8. Bf4 Bb4 9. Nf3 Ne4 10. Qc2 Ndf6 11. O-O Bxc3 12. bxc3 O-O 13. Ne5 Qa5 14. Rac1 Ng5 15. c4 Be6 16. h4 Nge4 17. c5 Nd7 18. Bxe4 dxe4 19. Nxd7 Bxd7 20. Qxe4 Qxa2 21. Rb1 Rfe8 22. Qf3 Bc8 23. Be5 Qd5 24. Qg3 g6 25. h5 Qe6 26. f4 Qf5 27. hxg6 Qxg6 28. Qxg6+ fxg6 29. Rf3 Kf7 30. e4 Re7 31. f5 h5 32. fxg6+ Kxg6 33. Rg3+ Bg4 34. Rgb3 Bc8 35. Rf1 Be6 36. Rf6+ Kh7 37. Rbf3 Rg8 38. Bd6 Ree8 39. Bf8 Rg6 40. Rxg6 Kxg6 41. Bd6 Bd7 42. Rb3 Rxe4 43. Rxb7 Be6 44. Rc7 Bd5 45. Be5 Re1+ 46. Kh2 Kf5 47. Bd6 Re2 48. Rg7 Kf6 49. Rg3 Rc2 50. Kh3 Be6+ 51. Kh4 Bg4 52. Bf8 Rc1 53. Rd3 Kf7 54. Bd6 Kg6 55. Ra3 Rc4 56. Rxa7 Rxd4 57. Rc7 Be6+ 58. Kg3 Rg4+ 59. Kf2 Bd5 60. g3 h4 61. gxh4 1/2-1/2

[Event "Quebec op U1700"]
[Site "Ste-Foy CAN"]
[Date "2017.08.17"]
[Round "7.34"]
[White "Tsanaclis, Albert"]
[Black "Demers, Alexis"]
[Result "1-0"]
[WhiteElo "1645"]
[BlackElo "1634"]
[WhiteFideId "-1"]
[WhiteFideId "-1"]
[PlyCount "56"]
[GameId "2160767739903463"]
[EventDate "2017.08.12"]
[EventType "swiss"]
[EventRounds "9"]
[EventCountry "CAN"]

1. e4 c5 2. Nf3 d6 3. d4 cxd4 4. Nxd4 Nf6 5. Nc3 a6 6. h3 e5 7. Nde2 Be6 8. g4 d5 9. exd5 Nxd5 10. Bg2 Bb4 11. O-O Nxc3 12. Qxd8+ Kxd8 13. Nxc3 Bxc3 14. bxc3 Kc7 15. Rb1 Nc6 16. a4 Bc4 17. Rd1 Rhd8 18. Rxd8 Rxd8 19. Be3 Rd7 20. Bb6+ Kc8 21. Be4 g6 22. Kh2 Bd5 23. Bf3 Be6 24. Kg3 f6 25. h4 Re7 26. Bc5 Re8 27. h5 gxh5 28. gxh5 e4 {36 moves/coups.} 1-0

[Event "Quebec op U1700"]
[Site "Ste-Foy CAN"]
[Date "2017.08.18"]
[Round "8.31"]
[White "Craciun, David"]
[Black "Tsanaclis, Albert"]
[Result "0-1"]
[WhiteElo "1592"]
[BlackElo "1645"]
[WhiteFideId "-1"]
[WhiteFideId "-1"]
[PlyCount "142"]
[GameId "2160767908347331"]
[EventDate "2017.08.12"]
[EventType "swiss"]
[EventRounds "9"]
[EventCountry "CAN"]

1. d4 d5 2. e3 Nf6 3. Bd3 c5 4. c3 Nc6 5. f4 Bg4 6. Nf3 e6 7. O-O Bd6 8. Qe1 Bf5 9. Ne5 Bxd3 10. Nxd3 b6 11. Ne5 Rc8 12. Nd2 O-O 13. Qe2 Nd7 14. Qg4 Re8 15. Qh5 g6 16. Qg4 Nf6 17. Qg5 Be7 18. Qg3 Nh5 19. Qg4 Nf6 20. Qg3 Nh5 21. Qg4 Ng7 22. Ndf3 f6 23. Nd3 Bd6 24. Bd2 e5 25. fxe5 fxe5 26. Ng5 h5 27. Qf3 Qxg5 28. Qxd5+ Re6 29. dxc5 Ne7 30. Qb7 bxc5 31. Qxa7 c4 32. Nf2 Bc5 33. Ne4 Qxg2+ 34. Kxg2 Bxa7 35. b4 Ngf5 36. Kf2 Nd5 37. a4 Nfxe3 38. Ke2 Nxf1 39. Rxf1 Nf4+ 40. Kd1 Rd8 41. Kc2 Kg7 42. a5 Rb8 43. Kb2 Nd5 44. Ka3 Nf6 45. Re1 Ra6 46. Ng5 Nd7 47. Re4 Rc6 48. Nf3 Kf6 49. h4 Kf5 50. Re1 e4 51. Ng5 e3 52. Bxe3 Bxe3 53. Rxe3 Ne5 54. Re2 Rb5 55. Ka4 Rd5 56. Ne4 Rd7 57. Kb5 Rd5+ 58. Ka4 Nd3 59. b5 Nc5+ 60. Kb4 Nd3+ 61. Ka4 Nc5+ 62. Kb4 Rc8 63. Ng3+ Kg4 64. Kxc4 Rd6 65. Nf1 Ne4+ 66. Kb4 Nxc3 67. Rg2+ Kxh4 68. Rg3 Rd4+ 69. Kb3 Nxb5 70. Rxg6 Rc3+ 71. Kb2 Rb4+ 0-1

[Event "Quebec op U1700"]
[Site "Ste-Foy CAN"]
[Date "2017.08.19"]
[Round "9.28"]
[White "Mikhalevski, Binyamin"]
[Black "Tsanaclis, Albert"]
[Result "1/2-1/2"]
[WhiteElo "1669"]
[BlackElo "1645"]
[WhiteFideId "-1"]
[WhiteFideId "-1"]
[PlyCount "61"]
[GameId "2160767908347332"]
[EventDate "2017.08.12"]
[EventType "swiss"]
[EventRounds "9"]
[EventCountry "CAN"]

1. e4 c5 2. Nf3 Nc6 3. c3 Nf6 4. e5 Nd5 5. Bc4 Nb6 6. Na3 Nxc4 7. Nxc4 b5 8. Ne3 e6 9. d4 cxd4 10. cxd4 Bb4+ 11. Bd2 Qa5 12. a3 Bxd2+ 13. Qxd2 Qxd2+ 14. Kxd2 Na5 15. Rad1 Bb7 16. Ke2 Rc8 17. Rc1 Ke7 18. Rc2 Be4 19. Rxc8 Rxc8 20. Nd2 Bg6 21. b4 Nc4 22. Ndxc4 bxc4 23. Rc1 Bd3+ 24. Kd2 d5 25. Nd1 Bf1 26. g3 f6 27. f4 fxe5 28. dxe5 d4 29. Nf2 c3+ 30. Kc2 Bc4 31. Nd3 1/2-1/2

[Event "Quebec op U1700"]
[Site "Ste-Foy CAN"]
[Date "2017.08.19"]
[Round "9.34"]
[White "Jones, Avery"]
[Black "Villanyi, Alexia"]
[Result "0-1"]
[WhiteElo "1565"]
[BlackElo "1621"]
[WhiteFideId "-1"]
[WhiteFideId "-1"]
[PlyCount "114"]
[GameId "2160767908347333"]
[EventDate "2017.08.12"]
[EventType "swiss"]
[EventRounds "9"]
[EventCountry "CAN"]

1. d4 Nf6 2. Nf3 g6 3. Bf4 Bg7 4. e3 d5 5. Bd3 O-O 6. h3 Nbd7 7. Nbd2 c5 8. c3 c4 9. Bc2 b5 10. a3 Re8 11. O-O Bb7 12. Re1 Nh5 13. Bh2 f5 14. Ne5 Nxe5 15. dxe5 Bh8 16. Bxf5 Ng7 17. Bc2 e6 18. Nf3 Qb6 19. Nd4 a6 20. Qg4 Rf8 21. f4 Nf5 22. Kh1 Nxd4 23. exd4 Rf7 24. Rf1 Raf8 25. Qe2 a5 26. Rab1 b4 27. axb4 axb4 28. Rbc1 Ra8 29. Ra1 Rxa1 30. Rxa1 Bg7 31. g3 bxc3 32. bxc3 Qb2 33. Rd1 Qxc3 34. Qd2 Qa3 35. Kg1 Ba6 36. h4 Bf8 37. Kg2 Rb7 38. Kh3 Rb2 39. Qc1 Qa2 40. Rd2 Ba3 41. Bg1 Bb5 42. Be3 c3 43. Rf2 Bd3 44. Bxd3 Rxf2 45. Qxc3 Rh2+ 46. Kg4 h5+ 47. Kg5 Be7+ 48. Kxg6 Qa8 49. Kxh5 Kh8 50. Bg6 Kg7 51. f5 exf5 52. Bh6+ Kg8 53. Bxf5 Qe8+ 54. Bg6 Qd8 55. Bd3 Bxh4 56. Bh7+ Kh8 57. Bg7+ Kxg7 0-1

[Event "Quebec op U2000"]
[Site "Ste-Foy CAN"]
[Date "2017.08.12"]
[Round "1"]
[White "Gauthier, Luc"]
[Black "Tinica, Gabriel"]
[Result "0-1"]
[WhiteElo "1696"]
[BlackElo "1880"]
[WhiteFideId "-1"]
[WhiteFideId "-1"]
[PlyCount "156"]
[GameId "2160767908347334"]
[EventDate "2017.08.12"]
[EventType "swiss"]
[EventRounds "9"]
[EventCountry "CAN"]
[SourceTitle "EXT 2022"]
[Source "ChessBase"]
[SourceDate "2021.10.06"]
[SourceVersion "1"]
[SourceVersionDate "2021.10.06"]
[SourceQuality "1"]

1. e4 c5 2. Nc3 Nc6 3. g3 g6 4. Bg2 Bg7 5. d3 e6 6. f4 Nge7 7. Nf3 d5 8. O-O O-O 9. Qe2 Rb8 10. Nd1 b5 11. c3 a5 12. Qf2 d4 13. g4 f5 14. gxf5 exf5 15. cxd4 cxd4 16. e5 Qb6 17. Bd2 Rd8 18. Rc1 a4 19. Qh4 Bd7 20. a3 h6 21. Re1 Be6 22. Qg3 Kh7 23. Nf2 Na5 24. Bb4 Rd7 25. Qh4 Nb3 26. Rc2 Re8 27. Bxe7 Rdxe7 28. Ng5+ Kh8 29. Rc6 Qa5 30. Nfh3 Qd2 31. Nxe6 Rxe6 32. Rxe6 Rxe6 33. Bd5 Re8 34. Bf7 Rc8 35. Bxg6 Nc5 36. Bxf5 Rf8 37. Bg6 Nxd3 38. Bxd3 Qxd3 39. e6 Qg6+ 40. Kh1 Re8 41. Qg3 Qf6 42. Qd3 Rxe6 43. Rxe6 Qxe6 44. Kg2 Qc4 45. Nf2 Kg8 46. Qe4 Qb3 47. Qe8+ Bf8 48. Qg6+ Kh8 49. Nd3 Qd5+ 50. Kg1 Bg7 51. Qe8+ Kh7 52. Qe2 Kg6 53. Qg2+ Qxg2+ 54. Kxg2 Kf5 55. Kf3 Bf8 56. Ne5 Bd6 57. Nd3 Bc7 58. Nc5 Bxf4 59. h3 Be3 60. b3 axb3 61. Nxb3 Ke5 62. Nc5 Kd5 63. Nd3 Kc4 64. Ke4 Kb3 65. Kd5 Kc3 66. Nb4 d3 67. Nxd3 Kxd3 68. Kc6 Ke4 69. Kxb5 Kf3 70. Kc4 Bg5 71. Kd3 Kg2 72. Ke2 Kxh3 73. Kf1 Kh2 74. a4 Bd8 75. Kf2 h5 76. Kf3 h4 77. Kg4 Kg2 78. a5 h3 0-1

[Event "Quebec op U2000"]
[Site "Ste-Foy CAN"]
[Date "2017.08.12"]
[Round "1.23"]
[White "Beauchesne, Jonathan"]
[Black "Desbiens, Raphael"]
[Result "1/2-1/2"]
[WhiteElo "1778"]
[BlackElo "1954"]
[WhiteFideId "-1"]
[WhiteFideId "-1"]
[PlyCount "74"]
[GameId "2160767908347335"]
[EventDate "2017.08.12"]
[EventType "swiss"]
[EventRounds "9"]
[EventCountry "CAN"]
[SourceTitle "EXT 2022"]
[Source "ChessBase"]
[SourceDate "2021.10.06"]
[SourceVersion "1"]
[SourceVersionDate "2021.10.06"]
[SourceQuality "1"]

1. e4 e5 2. Nf3 Nc6 3. Bb5 a6 4. Ba4 Nf6 5. O-O Be7 6. Re1 b5 7. Bb3 d6 8. c3 O-O 9. d4 Bg4 10. Qd3 Bxf3 11. gxf3 Na5 12. Kh1 Nxb3 13. axb3 Nh5 14. Rg1 Bh4 15. Rg2 Qf6 16. d5 h6 17. Qe2 Bg5 18. Be3 Nf4 19. Bxf4 Bxf4 20. Na3 Qh4 21. Nc2 f5 22. Nb4 Rf6 23. Nd3 fxe4 24. fxe4 h5 25. c4 bxc4 26. bxc4 Qh3 27. b4 h4 28. Qg4 Qxg4 29. Rxg4 Bd2 30. Ra2 Bc3 31. Rc2 Bd4 32. Kg2 Raf8 33. Rxh4 Rf3 34. Rd2 Bc3 35. Rd1 Bd4 36. Rd2 Bc3 37. Rd1 Bd4 1/2-1/2

[Event "Quebec op U2000"]
[Site "Ste-Foy CAN"]
[Date "2017.08.12"]
[Round "1.24"]
[White "Fecteau, Martin"]
[Black "Genest, Dominic"]
[Result "1-0"]
[WhiteElo "1947"]
[BlackElo "1757"]
[WhiteFideId "-1"]
[WhiteFideId "-1"]
[PlyCount "75"]
[GameId "2160767908347336"]
[EventDate "2017.08.12"]
[EventType "swiss"]
[EventRounds "9"]
[EventCountry "CAN"]
[SourceTitle "EXT 2022"]
[Source "ChessBase"]
[SourceDate "2021.10.06"]
[SourceVersion "1"]
[SourceVersionDate "2021.10.06"]
[SourceQuality "1"]

1. Nf3 Nf6 2. c4 e6 3. d4 d5 4. g3 c6 5. Bg2 Nbd7 6. Nbd2 Bd6 7. O-O e5 8. dxe5 Nxe5 9. cxd5 Nxd5 10. Ne4 Bc7 11. Nxe5 Bxe5 12. Qb3 O-O 13. Nc5 Qe7 14. Nd3 Bf6 15. e4 Nb6 16. Qc2 Nd7 17. Be3 Ne5 18. Bc5 Qc7 19. Bxf8 Kxf8 20. Qc5+ Kg8 21. Nf4 b6 22. Qc2 Ba6 23. Nd5 Qd6 24. Nxf6+ Qxf6 25. Rfd1 Rc8 26. b3 c5 27. Rac1 Nc6 28. Qd2 Nd4 29. Re1 Rd8 30. Qe3 h6 31. f4 Qe6 32. Bf1 Bb7 33. f5 Qe5 34. Bg2 Re8 35. Qf4 Qe7 36. e5 Ba6 37. Qf2 Qc7 38. Qxd4 1-0